<?xml version="1.0" encoding="UTF-8"?><?xml-stylesheet type="text/xsl" href="static/style.xsl"?><OAI-PMH xmlns="http://www.openarchives.org/OAI/2.0/" xmlns:xsi="http://www.w3.org/2001/XMLSchema-instance" xsi:schemaLocation="http://www.openarchives.org/OAI/2.0/ http://www.openarchives.org/OAI/2.0/OAI-PMH.xsd"><responseDate>2026-06-06T17:41:52Z</responseDate><request verb="GetRecord" identifier="oai:riuma.uma.es:10630/23247" metadataPrefix="marc">https://riuma.uma.es/rest/oai/request</request><GetRecord><record><header><identifier>oai:riuma.uma.es:10630/23247</identifier><datestamp>2026-02-03T12:02:31Z</datestamp><setSpec>com_10630_2254</setSpec><setSpec>col_10630_37959</setSpec></header><metadata><record xmlns="http://www.loc.gov/MARC21/slim" xmlns:dcterms="http://purl.org/dc/terms/" xmlns:doc="http://www.lyncode.com/xoai" xmlns:xsi="http://www.w3.org/2001/XMLSchema-instance" xsi:schemaLocation="http://www.loc.gov/MARC21/slim http://www.loc.gov/standards/marcxml/schema/MARC21slim.xsd">
   <leader>00925njm 22002777a 4500</leader>
   <datafield ind2=" " ind1=" " tag="042">
      <subfield code="a">dc</subfield>
   </datafield>
   <datafield ind2=" " ind1=" " tag="720">
      <subfield code="a">Tienda Serrano, Sandra</subfield>
      <subfield code="e">author</subfield>
   </datafield>
   <datafield ind2=" " ind1=" " tag="720">
      <subfield code="a">Gutiérrez Barranquero, José Antonio</subfield>
      <subfield code="e">author</subfield>
   </datafield>
   <datafield ind2=" " ind1=" " tag="720">
      <subfield code="a">Villar-Moreno, Rafael</subfield>
      <subfield code="e">author</subfield>
   </datafield>
   <datafield ind2=" " ind1=" " tag="720">
      <subfield code="a">Guirado, Emilio</subfield>
      <subfield code="e">author</subfield>
   </datafield>
   <datafield ind2=" " ind1=" " tag="720">
      <subfield code="a">Sarmiento, David</subfield>
      <subfield code="e">author</subfield>
   </datafield>
   <datafield ind2=" " ind1=" " tag="720">
      <subfield code="a">De-Vicente-Moreno, Antonio</subfield>
      <subfield code="e">author</subfield>
   </datafield>
   <datafield ind2=" " ind1=" " tag="720">
      <subfield code="a">Cazorla-López, Francisco Manuel</subfield>
      <subfield code="e">author</subfield>
   </datafield>
   <datafield ind2=" " ind1=" " tag="720">
      <subfield code="a">Arrebola-Díez, Eva María</subfield>
      <subfield code="e">author</subfield>
   </datafield>
   <datafield ind2=" " ind1=" " tag="260">
      <subfield code="c">2021-10-20</subfield>
   </datafield>
   <datafield ind2=" " ind1=" " tag="520">
      <subfield code="a">La cepa PCL1606 de Pseudomonas chlororaphis es una bacteria aislada de la rizosfera de aguacates sanos localizados en fincas afectadas por la podredumbre blanca radicular, enfermedad causada por el hongo de suelo Rosellinia necatrix. Se realizaron ensayos de antagonismo en placa mostrando una fuerte inhibición del crecimiento no solo de R. necatrix, sino de otros hongos fitopatógenos. Su capacidad antagonista se debe principalmente a la producción del compuesto 2-hexil, 5-propil resorcinol (HPR). En experimentos realizados en plantas de aguacate, se observó como PCL1606 mostraba una fuerte actividad de biocontrol frente a R. necatrix, además era capaz de colonizar eficientemente la raíz y persistir por largos periodos de tiempo en el lugar de inoculación. Igualmente se ha comprobado que la aplicación de PCL1606 provoca la disminución de la población de R. necatrix en suelos infectados, sin alterar las poblaciones de otros grupos de microorganismos autóctonos del suelo. Por todo ello, la cepa PCL1606 se propone como una firme candidata a formar parte de los productos de control biológico denominados como biofungicidas.</subfield>
   </datafield>
   <datafield ind1="8" ind2=" " tag="024">
      <subfield code="a">Tienda et al., 2021. Pseudomonas chlororaphis PCL1606 como firme candidato de biofungicida en cultivos subtropicales. Encuentro Internacional Phytoma España, Adeje, Santa Cruz de Tenerife, España, 20-22 octubre 2021.</subfield>
   </datafield>
   <datafield ind1="8" ind2=" " tag="024">
      <subfield code="a">https://hdl.handle.net/10630/23247</subfield>
   </datafield>
   <datafield tag="653" ind2=" " ind1=" ">
      <subfield code="a">Aguacates - Enfermedades y plagas</subfield>
   </datafield>
   <datafield tag="653" ind2=" " ind1=" ">
      <subfield code="a">Control biológico</subfield>
   </datafield>
   <datafield ind2="0" ind1="0" tag="245">
      <subfield code="a">Pseudomonas chlororaphis PCL1606 como firme candidato de biofungicida en cultivos subtropicales.</subfield>
   </datafield>
</record>
</metadata></record></GetRecord></OAI-PMH>